000 01249nam a2200397 a 4500
001 000108872
003 CHAP
005 20220329144027.0
008 140317s2013 it adj |r| ||||||eng d
010 _a105334
011 _a106306
022 _a0251-1959
040 _cCHAP
082 0 4 _a338.173
_bF21y
245 1 0 _aFood outlook :
_bbiannual report on global good markets /
_cpor FAO.
260 _aRoma :
_bFAO,
_c2013-.
300 _av. :
_bil., gráfs., tabs.
505 0 _aLa biblioteca tiene : 2013 (june, nov.), 2014 (may., oct.)
590 _aE11695DGD
_b10
_c20150513
_lUCH01
_h0806
590 _aE5995AHE
_b05
_c20140317
_lUCH01
_h1429
590 _aE5995AHE
_b05
_c20140317
_lUCH01
_h1447
590 _aE5995AHE
_b05
_c20140317
_lUCH01
_h1455
590 _aE5995AHE
_b05
_c20140319
_lUCH01
_h1245
590 _aE5995AHE
_b05
_c20140319
_lUCH01
_h1310
590 _aE5995AHE
_b05
_c20140804
_lUCH01
_h0926
590 _aE5995AHE
_b05
_c20150512
_lUCH01
_h1446
650 4 _aAlimentación.
_94109
650 4 _aAlimentos
_xConsumo.
_94181
650 4 _aComercio internacional.
_925641
650 4 _aMercadeo.
_974880
650 4 _aPiensos.
_988012
650 4 _aProductos pecuarios.
_992156
901 _aBK
942 _cLIBRO
942 _n0
999 _c105334
_d105334